00682nam a2200157 a 450000100100000000500170001000800410002704000250006811000850009324501160017826000870029430000120038104900090039395201050040299900170050700002677320250502073819.0110325s1969 dr 000 0 spa d aDO-SdBNPbspacBNPHU1 aRepública Dominicana.bOficina Nacional de Administración y Personal 92639810aManual de clasificación de puestos y estudio de salarios correspondiente a la dirección general de turismo. aSanto Domingo, :bOficina Nacional de Administración y Personal (ONAP),c[1969]. a[s.p.]. aBNPD 0010718PDaPDbPDcCTd2011-03-25iLF1l0o p26773-10r2020-06-25w2020-06-25yLFPDZNo se presta c26265d26265